[Event "EU Union-ch U14"]
[Site "Pec pod Snezkou"]
[Date "2022.08.25"]
[Round "4"]
[White "Skutil, Frantisek Elias"]
[Black "Krasilnikova, Marija"]
[Result "1/2-1/2"]
[WhiteElo "1514"]
[BlackElo "1271"]
[PlyCount "73"]
[EventDate "2022.08.22"]
[EventType "swiss"]
[EventRounds "9"]
[EventCountry "CZE"]
[SourceTitle "EXT 2023"]
[Source "ChessBase"]
[SourceDate "2022.10.05"]
[SourceVersion "1"]
[SourceVersionDate "2022.10.05"]
[SourceQuality "1"]

1. e4 c5 2. Nf3 g6 3. d4 cxd4 4. Nxd4 Nc6 5. Be3 Bg7 6. Nc3 Nf6 7. Be2 0-0 8. 0-0 d5 9. exd5 Nxd5 10. Nxd5 Nxd4 11. Bxd4 Qxd5 12. Bxg7 Qxd1 13. Raxd1 Kxg7 14. Rfe1 Be6 15. Bf3 Rab8 16. Rd2 b6 17. Red1 Rbc8 18. b3 h5 19. c4 Rfe8 20. Rd4 Bf5 21. Be4 Bxe4 22. Rxe4 Red8 23. Red4 Rxd4 24. Rxd4 Rc7 25. f3 f5 26. Kf2 Kf6 27. Ke3 Rc6 28. h4 e5 29. Rd5 Ke6 30. a3 Rd6 31. Rxd6+ Kxd6 32. b4 a5 33. Kd3 a4 34. Ke3 Kc6 35. Kd3 Kd6 36. Ke3 Kc6 37. Kd3 1/2-1/2

[Event "EU Union-ch U14"]
[Site "Pec pod Snezkou"]
[Date "2022.08.24"]
[Round "3"]
[White "Dorazilova, Kristyna"]
[Black "Krasilnikova, Marija"]
[Result "1/2-1/2"]
[WhiteElo "1400"]
[BlackElo "1271"]
[PlyCount "115"]
[EventDate "2022.08.22"]
[EventType "swiss"]
[EventRounds "9"]
[EventCountry "CZE"]
[SourceTitle "EXT 2023"]
[Source "ChessBase"]
[SourceDate "2022.10.05"]
[SourceVersion "1"]
[SourceVersionDate "2022.10.05"]
[SourceQuality "1"]

1. e4 c6 2. d4 d5 3. f3 e6 4. Nc3 Bb4 5. Nge2 Ne7 6. a3 Ba5 7. b4 Bc7 8. g3 a5 9. Bf4 axb4 10. axb4 Rxa1 11. Qxa1 Ng6 12. Bxc7 Qxc7 13. e5 Ne7 14. Nd1 h5 15. Bg2 Nd7 16. Nb2 Nf5 17. Kd2 f6 18. f4 b5 19. c3 Kf7 20. Qa2 Nb6 21. Ra1 Bb7 22. Qb1 Ra8 23. Rxa8 Nxa8 24. Bf3 g6 25. Nc1 Nb6 26. Ncd3 Nd7 27. Qa1 Ne7 28. h3 Qd8 29. Nf2 f5 30. g4 hxg4 31. hxg4 fxg4 32. Bxg4 Qh8 33. Qh1 Qxh1 34. Nxh1 Nf5 35. Nd1 Nh4 36. Ne3 Nb6 37. Ke2 Nc4 38. Nxc4 bxc4 39. Kf2 Nf5 40. Ng3 Nxg3 41. Kxg3 Bc8 42. Kh4 Bd7 43. Kg5 Kg7 44. Bd1 Be8 45. Bc2 Bf7 46. Ba4 Be8 47. Bd1 Bd7 48. Bg4 Bc8 49. Bd1 Bd7 50. Bc2 Be8 51. Kh4 Kh6 52. Kg4 Kg7 53. Kf3 Kh6 54. Kg3 Kh5 55. Kh3 Kh6 56. Kg2 Kh5 57. Kg3 Kh6 58. Ba4 1/2-1/2

[Event "EU Union-ch U14"]
[Site "Pec pod Snezkou"]
[Date "2022.08.22"]
[Round "1"]
[White "Buchta, Bartolomej"]
[Black "Krasilnikova, Marija"]
[Result "1-0"]
[WhiteElo "1701"]
[BlackElo "1271"]
[PlyCount "83"]
[EventDate "2022.08.22"]
[EventType "swiss"]
[EventRounds "9"]
[EventCountry "CZE"]
[SourceTitle "EXT 2023"]
[Source "ChessBase"]
[SourceDate "2022.10.05"]
[SourceVersion "1"]
[SourceVersionDate "2022.10.05"]
[SourceQuality "1"]

1. e4 c6 2. d4 d5 3. Nc3 dxe4 4. Nxe4 Nf6 5. Nxf6+ exf6 6. c3 Bd6 7. Bd3 0-0 8. Qc2 h6 9. Ne2 Re8 10. Be3 Bg4 11. 0-0-0 Qc7 12. Rde1 Nd7 13. Ng3 b5 14. Kb1 a5 15. Bf5 Bxf5 16. Nxf5 Bf8 17. g4 b4 18. c4 a4 19. Qc1 c5 20. d5 Ne5 21. Bf4 Qd7 22. Bxe5 fxe5 23. f3 Ra6 24. Re4 Be7 25. Rxe5 Bg5 26. Qe1 Raa8 27. h4 Bf6 28. Re4 Rxe4 29. fxe4 Re8 30. Qe3 Be5 31. Qxc5 Rb8 32. g5 h5 33. d6 Bf4 34. Qd4 f6 35. gxf6 g6 36. Ne7+ Kf7 37. e5 Bh6 38. Re1 Kf8 39. e6 Qb7 40. Nxg6+ Ke8 41. f7+ Kd8 42. Qh8+ 1-0

[Event "EU-ch Online U12 Girls"]
[Site "Tornelo INT"]
[Date "2020.09.20"]
[Round "7"]
[White "Krasilnikova, Marija"]
[Black "Basova, Yuliya"]
[Result "0-1"]
[WhiteElo "1306"]
[BlackElo "1662"]
[PlyCount "80"]
[EventDate "2020.09.18"]
[EventType "swiss (rapid)"]
[EventRounds "9"]
[EventCountry "NET"]
[SourceTitle "EXT 2023"]
[Source "ChessBase"]
[SourceDate "2022.10.05"]
[SourceVersion "1"]
[SourceVersionDate "2022.10.05"]
[SourceQuality "1"]
[WhiteTeam "Latvia"]
[BlackTeam "Ukraine"]
[WhiteTeamCountry "LAT"]
[BlackTeamCountry "UKR"]

1. d4 Nf6 2. Nf3 g6 3. Bg5 Bg7 4. e3 0-0 5. Nbd2 d5 6. c3 b6 7. Be2 Bb7 8. 0-0 c5 9. Re1 Nc6 10. Qc2 Rc8 11. Rac1 cxd4 12. exd4 h6 13. Bh4 g5 14. Bg3 g4 15. Ne5 Nxd4 16. Qd1 Nxe2+ 17. Qxe2 h5 18. Kh1 d4 19. cxd4 Qxd4 20. b3 Qd5 21. f3 Bh6 22. Rcd1 Rc2 23. Nec4 gxf3 24. gxf3 Rxa2 25. Kg1 b5 26. Ne5 Rxd2 27. Rxd2 Qxd2 28. Qxd2 Bxd2 29. Rd1 Bh6 30. Nd7 Nxd7 31. Rxd7 Bxf3 32. Kf2 Bg4 33. Rxa7 Rd8 34. Rxe7 Rd2+ 35. Ke1 Rd1+ 36. Kf2 f5 37. Re8+ Kf7 38. Rh8 Bg7 39. Rb8 Bd4+ 40. Kg2 Rg1# 0-1

[Event "EU-ch Online U12 Girls"]
[Site "Tornelo INT"]
[Date "2020.09.19"]
[Round "5"]
[White "Lukinovic, Laura"]
[Black "Krasilnikova, Marija"]
[Result "0-1"]
[WhiteElo "1080"]
[BlackElo "1306"]
[PlyCount "21"]
[EventDate "2020.09.18"]
[EventType "swiss (rapid)"]
[EventRounds "9"]
[EventCountry "NET"]
[SourceTitle "EXT 2023"]
[Source "ChessBase"]
[SourceDate "2022.10.05"]
[SourceVersion "1"]
[SourceVersionDate "2022.10.05"]
[SourceQuality "1"]
[WhiteTeam "Croatia"]
[BlackTeam "Latvia"]
[WhiteTeamCountry "CRO"]
[BlackTeamCountry "LAT"]

1. Nf3 d5 2. d4 Nf6 3. c4 e6 4. Nc3 Be7 5. e3 0-0 6. b3 Bb4 7. Bb2 c6 8. a3 Bd6 9. c5 Bc7 10. Bd3 Nbd7 11. 0-0 0-1

[Event "Wch U10 Girls"]
[Site "Weifang"]
[Date "2019.08.21"]
[Round "1"]
[White "Khamdamova, Afruza"]
[Black "Krasilnikova, Marija"]
[Result "1-0"]
[WhiteElo "1607"]
[BlackElo "1014"]
[PlyCount "39"]
[EventDate "2019.08.21"]
[EventType "swiss"]
[EventRounds "11"]
[EventCountry "CHN"]
[SourceTitle "EXT 2020"]
[Source "ChessBase"]
[SourceDate "2019.10.17"]
[SourceVersion "1"]
[SourceVersionDate "2019.10.17"]
[SourceQuality "1"]

1. e4 c5 2. Nf3 e6 3. d4 cxd4 4. Nxd4 Nf6 5. Nc3 Bb4 6. e5 Nd5 7. Bd2 Nxc3 8. bxc3 Bc5 9. Qg4 g6 10. Bd3 Nc6 11. Nxc6 bxc6 12. 0-0 a5 13. Bh6 Ba6 14. Bxa6 Rxa6 15. Qc4 Qb6 16. Rab1 Qa7 17. Bg7 Rg8 18. Qxa6 Qxa6 19. Rb8+ Ke7 20. Bf6# 1-0

[Event "EU-ch U10 Girls 28th"]
[Site "Riga"]
[Date "2018.08.21"]
[Round "2"]
[White "Krasilnikova, Marija"]
[Black "Toth, Lili1111"]
[Result "1-0"]
[WhiteElo "1061"]
[BlackElo "1347"]
[PlyCount "42"]
[EventDate "2018.08.20"]
[EventType "swiss"]
[EventRounds "9"]
[EventCountry "LAT"]
[SourceTitle "CBM 186 Extra"]
[Source "ChessBase"]
[SourceDate "2018.08.24"]
[SourceVersion "1"]
[SourceVersionDate "2018.08.24"]
[SourceQuality "1"]

1. Nf3 g6 2. c4 Bg7 3. Nc3 b6 4. g3 Bb7 5. Bg2 e6 6. d3 Ne7 7. Bf4 d6 8. 0-0 Nd7 9. Re1 0-0 10. Rb1 e5 11. Bd2 f5 12. e3 Rc8 13. Ng5 Bxg2 14. Ne6 Qe8 15. Nxf8 Qxf8 16. Kxg2 Nc5 17. Qe2 e4 18. dxe4 fxe4 19. f3 exf3+ 20. Qxf3 Qxf3+ 21. Kxf3 Rf8+ 1-0